<?xml version="1.0" encoding="UTF-8"?>
<record
    xmlns:xsi="http://www.w3.org/2001/XMLSchema-instance"
    xsi:schemaLocation="http://www.loc.gov/MARC21/slim http://www.loc.gov/standards/marcxml/schema/MARC21slim.xsd"
    xmlns="http://www.loc.gov/MARC21/slim">

  <leader>01632nam a2200277 i 4500</leader>
  <controlfield tag="001">000046406</controlfield>
  <controlfield tag="003">DO-SdBNP</controlfield>
  <controlfield tag="005">20260212092730.0</controlfield>
  <controlfield tag="007">ta</controlfield>
  <controlfield tag="008">150810s2001    dr            000 0 spa d</controlfield>
  <datafield tag="020" ind1=" " ind2=" ">
    <subfield code="z">9993410020</subfield>
  </datafield>
  <datafield tag="040" ind1=" " ind2=" ">
    <subfield code="a">DO-SdBNP</subfield>
    <subfield code="b">spa</subfield>
    <subfield code="c">BNPHU</subfield>
    <subfield code="e">rda</subfield>
  </datafield>
  <datafield tag="041" ind1=" " ind2=" ">
    <subfield code="a">spa</subfield>
  </datafield>
  <datafield tag="082" ind1=" " ind2="4">
    <subfield code="a">xxx</subfield>
    <subfield code="b">xxx</subfield>
    <subfield code="2">22</subfield>
  </datafield>
  <datafield tag="245" ind1="0" ind2="0">
    <subfield code="a">Madres, maestras y militantes dominicanas (fundadoras) :</subfield>
    <subfield code="b">ensayos selectos /</subfield>
    <subfield code="c">selecci&#xF3;n y pr&#xF3;logo, Daisy Cocco De Filippis.</subfield>
  </datafield>
  <datafield tag="264" ind1=" " ind2="1">
    <subfield code="a">Santo Domingo :</subfield>
    <subfield code="b">Editora B&#xFA;ho,</subfield>
    <subfield code="c">2001.</subfield>
  </datafield>
  <datafield tag="300" ind1=" " ind2=" ">
    <subfield code="a">260 p&#xE1;ginas ;</subfield>
    <subfield code="c">23 cm.</subfield>
  </datafield>
  <datafield tag="336" ind1=" " ind2=" ">
    <subfield code="a">texto</subfield>
    <subfield code="b">txt</subfield>
    <subfield code="2">rdacontent</subfield>
  </datafield>
  <datafield tag="337" ind1=" " ind2=" ">
    <subfield code="a">sin mediaci&#xF3;n</subfield>
    <subfield code="b">n</subfield>
    <subfield code="2">rdamedia</subfield>
  </datafield>
  <datafield tag="338" ind1=" " ind2=" ">
    <subfield code="a">volumen</subfield>
    <subfield code="b">nc</subfield>
    <subfield code="2">rdacarrier</subfield>
  </datafield>
  <datafield tag="500" ind1=" " ind2=" ">
    <subfield code="a">Incluye datos biogr&#xE1;ficos del autor en las solapas.</subfield>
  </datafield>
  <datafield tag="505" ind1="0" ind2=" ">
    <subfield code="a">Historia de una mujer /</subfield>
    <subfield code="r">Manuela Aybar --</subfield>
    <subfield code="t">Apuntes para la historia de Santo Domingo /</subfield>
    <subfield code="r">Rosa Duarte --</subfield>
    <subfield code="t">Monse&#xF1;or de Meri&#xF1;o /</subfield>
    <subfield code="r">Amelia Francasci --</subfield>
    <subfield code="t">Discursos y p&#xE1;ginas literarias /</subfield>
    <subfield code="r">Mercedes Laura Aguiar --</subfield>
    <subfield code="t">El ni&#xF1;o y lo que a &#xE9;l debemos /</subfield>
    <subfield code="r">Mar&#xED;a Josefa G&#xF3;mez --</subfield>
    <subfield code="t">Por la salvaci&#xF3;n de la infancia /</subfield>
    <subfield code="r">Petronila Ang&#xE9;lica G&#xF3;mez --</subfield>
    <subfield code="t">Feminismo /</subfield>
    <subfield code="t">La mujer y la cultura /</subfield>
    <subfield code="r">Camila Henr&#xED;quez Ure&#xF1;a --</subfield>
    <subfield code="t">Ideario feminsta /</subfield>
    <subfield code="r">Abigail Mej&#xED;a Soliere --</subfield>
    <subfield code="t">La isla madre /</subfield>
    <subfield code="r">Fl&#xE9;rida de Nolasco --</subfield>
    <subfield code="t">Discursos /</subfield>
    <subfield code="r">Ercilia Pep&#xED;n --</subfield>
    <subfield code="t">Granos de polen /</subfield>
    <subfield code="r">Evangelina Rodr&#xED;guez --</subfield>
    <subfield code="t">Discursos y cartas /</subfield>
    <subfield code="r">Salom&#xE9; Ure&#xF1;a de Henr&#xED;quez --</subfield>
    <subfield code="t">Historia del feminismo dominicano /</subfield>
    <subfield code="r">Livia Veloz --</subfield>
    <subfield code="t">Sentido de la civilizaci&#xF3;n y la mujer nueva /</subfield>
    <subfield code="r">Delia Weber.</subfield>
  </datafield>
  <datafield tag="590" ind1=" " ind2=" ">
    <subfield code="a">Inventariado, 2026/BT</subfield>
  </datafield>
  <datafield tag="700" ind1="1" ind2=" ">
    <subfield code="a">Cocco-De Filippis, Daisy,</subfield>
    <subfield code="d">1949-</subfield>
    <subfield code="e">prologuista</subfield>
    <subfield code="4">pr.</subfield>
    <subfield code="9">2539</subfield>
  </datafield>
  <datafield tag="942" ind1=" " ind2=" ">
    <subfield code="2">ddc</subfield>
    <subfield code="c">LBS1</subfield>
  </datafield>
  <datafield tag="952" ind1=" " ind2=" ">
    <subfield code="0">0</subfield>
    <subfield code="1">0</subfield>
    <subfield code="2">ddc</subfield>
    <subfield code="5">1</subfield>
    <subfield code="7">0</subfield>
    <subfield code="8">PD</subfield>
    <subfield code="a">BNPHU</subfield>
    <subfield code="b">BNPHU</subfield>
    <subfield code="c">CT</subfield>
    <subfield code="d">2015-08-10</subfield>
    <subfield code="e">Donaci&#xF3;n</subfield>
    <subfield code="l">0</subfield>
    <subfield code="o"> BNPHU PD </subfield>
    <subfield code="p">46406-10</subfield>
    <subfield code="r">2020-06-25</subfield>
    <subfield code="w">2020-06-25</subfield>
    <subfield code="y">LBS1</subfield>
    <subfield code="z">Perteneci&#xF3; a la biblioteca personal de Chiqui Vicioso / Fidelio Despradel.</subfield>
    <subfield code="Z">No se presta</subfield>
  </datafield>
  <datafield tag="952" ind1=" " ind2=" ">
    <subfield code="0">0</subfield>
    <subfield code="1">0</subfield>
    <subfield code="2">ddc</subfield>
    <subfield code="5">1</subfield>
    <subfield code="7">0</subfield>
    <subfield code="8">PD</subfield>
    <subfield code="a">BNPHU</subfield>
    <subfield code="b">BNPHU</subfield>
    <subfield code="c">CT</subfield>
    <subfield code="d">2015-09-10</subfield>
    <subfield code="e">Donaci&#xF3;n</subfield>
    <subfield code="l">0</subfield>
    <subfield code="o"> BNPHU PD </subfield>
    <subfield code="p">46406-20</subfield>
    <subfield code="r">2020-06-25</subfield>
    <subfield code="t">e. 2</subfield>
    <subfield code="w">2020-06-25</subfield>
    <subfield code="y">LBS1</subfield>
    <subfield code="z">Perteneci&#xF3; a la biblioteca personal de Chiqui Vicioso / Fidelio Despradel.</subfield>
    <subfield code="Z">No se presta</subfield>
  </datafield>
  <datafield tag="952" ind1=" " ind2=" ">
    <subfield code="0">0</subfield>
    <subfield code="1">0</subfield>
    <subfield code="2">ddc</subfield>
    <subfield code="5">6</subfield>
    <subfield code="7">0</subfield>
    <subfield code="8">DS</subfield>
    <subfield code="a">BNPHU</subfield>
    <subfield code="b">BNPHU</subfield>
    <subfield code="c">CT</subfield>
    <subfield code="d">2026-02-12</subfield>
    <subfield code="e">Donado por Isaolym Mieses</subfield>
    <subfield code="l">0</subfield>
    <subfield code="o"> BNPHU DS </subfield>
    <subfield code="p">2026-1014</subfield>
    <subfield code="r">2026-02-12</subfield>
    <subfield code="t">e.3</subfield>
    <subfield code="w">2026-02-12</subfield>
    <subfield code="y">LBS1</subfield>
  </datafield>
  <datafield tag="999" ind1=" " ind2=" ">
    <subfield code="c">45895</subfield>
    <subfield code="d">45895</subfield>
  </datafield>
</record>
